LEADER 01415nam a2200253 i 4500 001 991000912719707536 008 101025s2010 ua a 000 0 mul d 035 $ab13931167-39ule_inst 040 $aBiblioteca Interfacoltà$bita 082 04$a932.0074 245 00$aIppolito Rosellini e gli inizi dell'Egittologia :$bdisegni e manoscritti originali della spedizione franco-toscana in Egitto (1828-29) dalla Biblioteca Universitaria di Pisa =$bIppolito Rosellini and the dawn of Egyptology : original drawings and manuscripts of the Franco-Tuscan expedition to Egypt (1828-29) from the Biblioteca Universitaria di Pisa / a cura di Marilina Betrò ; con contributi di Marilina Betrò ... [et al.] ; schede del catalogo di M. Betrò ... [et al.] 260 $aCairo :$bAgenzia italiana,$cstampa 2010 300 $aXXI, 229 p. :$bill. ;$c31 cm. 650 4$aRosellini, Ippolito 650 4$aBiblioteca Universitaria$c$xDisegni$vCataloghi 650 4$aEgittologia 700 1 $aBetrò, Marilina 710 2$aBiblioteca Universitaria$c 907 $a.b13931167$b02-04-14$c25-10-10 912 $a991000912719707536 945 $aLE002 Museo Papirologico BELT 932.0074 IPP$g1$i2002000617958$lle002$og$pE30.00$q-$rn$so $t0$u0$v0$w0$x0$y.i15188711$z25-10-10 996 $aIppolito Rosellini e gli inizi dell'Egittologia$9250473 997 $aUNISALENTO 998 $ale002$b25-10-10$cm$da $e-$fmul$gua $h0$i0